00938 a2200181 45000010006000000050017000060080041000230030015000640400040000790800122001192450026002412500012002672640028002793000019003075050375003261000033007017000022007344790620260407155744.0260407a1964 arg spa dAR-UNSa-BCEJYS aAR-UNSa-BCEJYSbspacAR-UNSa-BCEJYS a101.1xNaturaleza de la filosofía. La filosofía como ciencia. La filosofía como arte (pensamiento filosófico)10aDiscurso del método a6a. ed. 1aMadrid :bAguilarc1964 a134 p.c16 cm. aPrimera Parte: Consideraciones que atañen a las ciencias -- Segunda Parte: Principales reglas de moral sacadas del método -- Cuarta Parte: Pruebas de la existencia de Dios y del alma humana o fundamentos de la metafísica -- Quinta Parte: Orden de cuestiones en la física -- Sexta Parte: Cosas requeridas para proseguir en la investigación de la Naturaleza.1 aRodríguez Huescar, Antonio1 aDescartes, René